[Event "2. Bundesliga West 2009/20010"]
[Site "Salzburg"]
[Date "2010.03.13"]
[Round "10"]
[Board "3"]
[White "Kleissl, Helmut"]
[Black "Dovzik, Juri"]
[Result "0-1"]
[WhiteElo "2271"]
[BlackElo "2365"]
[PlyCount "42"]
[EventDate "2009.10.23"]
[EventType "team"]
[EventRounds "11"]
[EventCountry "AUT"]
[WhiteTeam "Sparkasse Jenbach II"]
[BlackTeam "ATSV Ranshofen"]

1.Nf3 d5 2.c4 c6 3.d4 Nf6 4.Nc3 a6 5.c5 Nbd7 6.Bf4 Nh5 7.e3 g6 8.Bd3 Bg7 9.h3
Nxf4 10.exf4 O-O 11.Qc2 b6 12.cxb6 Qxb6 13.Rd1 Rb8 14.b3 c5 15.dxc5 Qb4 16.Rc1
d4 17.Nxd4 Bxd4 18.O-O Qxc5 19.Qd2 Bxc3 20.Rxc3 Qd6 21.Qe3 Nf6

[Event "2. Bundesliga West 2009/20010"]
[Site "Salzburg"]
[Date "2010.03.13"]
[Round "10"]
[Board "4"]
[White "Ager, Josef"]
[Black "Meier, Alexander"]
[Result "0-1"]
[WhiteElo "2214"]
[BlackElo "2146"]
[PlyCount "62"]
[EventDate "2009.10.23"]
[EventType "team"]
[EventRounds "11"]
[EventCountry "AUT"]
[WhiteTeam "ATSV Ranshofen"]
[BlackTeam "Sparkasse Jenbach II"]

1.Nf3 d6 2.d4 g6 3.c4 Bg7 4.Nc3 Nf6 5.e4 O-O 6.Be2 e5 7.O-O Nc6 8.d5 Nb8 9.Ne1
a5 10.Nd3 Na6 11.Be3 b6 12.f3 Nc5 13.Nxc5 bxc5 14.a3 Bd7 15.b3 Nh5 16.Rb1 Nf4
17.Kh1 h5 18.g3 Nh3 19.Qd2 Qe7 20.Bd3 f5 21.Bh6 f4 22.Bxg7 Qxg7 23.Qg2 fxg3
24.hxg3 Rf7 25.Qd2 Raf8 26.Be2 g5 27.Qe3 g4 28.fxg4 Nf2+ 29.Kg2 Bxg4 30.Kh2 Bxe2
31.Qxe2 Rf3

[Event "2. Bundesliga West 2009/20010"]
[Site "Salzburg"]
[Date "2010.03.13"]
[Round "10"]
[Board "5"]
[White "Schnegg, Daniel"]
[Black "Enoeckl, Philipp"]
[Result "1/2-1/2"]
[WhiteElo "2092"]
[BlackElo "2216"]
[PlyCount "41"]
[EventDate "2009.10.23"]
[EventType "team"]
[EventRounds "11"]
[EventCountry "AUT"]
[WhiteTeam "Sparkasse Jenbach II"]
[BlackTeam "ATSV Ranshofen"]

1.d4 Nf6 2.c4 g6 3.Nc3 Bg7 4.e4 d6 5.f4 O-O 6.Nf3 c5 7.dxc5 Qa5 8.Bd3 Qxc5 9.Qe2
Nc6 10.Be3 Qh5 11.h3 Bg4 12.O-O Bxf3 13.Rxf3 Nd7 14.Qf2 Nb4 15.Bf1 Qa5 16.Rb1
Rfc8 17.Qd2 Qd8 18.Kh1 Kh8 19.Kg1 Kg8 20.Kh1 Kh8 21.Kg1

[Event "2. Bundesliga West 2009/20010"]
[Site "Salzburg"]
[Date "2010.03.13"]
[Round "10"]
[Board "1"]
[White "Dizdar, Goran"]
[Black "Hommeles, Theo"]
[Result "1/2-1/2"]
[WhiteElo "2563"]
[BlackElo "2412"]
[PlyCount "44"]
[EventDate "2009.10.23"]
[EventType "team"]
[EventRounds "11"]
[EventCountry "AUT"]
[WhiteTeam "SC Absam"]
[BlackTeam "Bregenz"]

1.d4 d5 2.c4 c6 3.Nf3 Nf6 4.e3 e6 5.Bd3 Nbd7 6.Nbd2 Bd6 7.O-O O-O 8.e4 e5 9.cxd5
cxd5 10.exd5 exd4 11.Ne4 Nxe4 12.Bxe4 Nf6 13.Bg5 h6 14.Bxf6 Qxf6 15.Qxd4 Qxd4
16.Nxd4 Bd7 17.Rac1 Rfe8 18.Rfe1 g6 19.Bd3 a6 20.Nf3 Rxe1+ 21.Rxe1 Rc8 22.Kf1
Rc5

[Event "2. Bundesliga West 2009/20010"]
[Site "Salzburg"]
[Date "2010.03.13"]
[Round "10"]
[Board "2"]
[White "Herbrechtsmeier, Christof"]
[Black "Schmittdiel, Eckhard"]
[Result "0-1"]
[WhiteElo "2268"]
[BlackElo "2471"]
[PlyCount "64"]
[EventDate "2009.10.23"]
[EventType "team"]
[EventRounds "11"]
[EventCountry "AUT"]
[WhiteTeam "Bregenz"]
[BlackTeam "SC Absam"]

1.e4 c5 2.Nf3 Nc6 3.d4 cxd4 4.Nxd4 Nf6 5.Nc3 e6 6.Ndb5 d6 7.Bf4 e5 8.Bg5 a6
9.Na3 b5 10.Bxf6 gxf6 11.Nd5 Bg7 12.c3 f5 13.exf5 Bxf5 14.Nc2 O-O 15.Nce3 Be6
16.g3 Rb8 17.Bg2 Qd7 18.O-O f5 19.f4 Kh8 20.Qd2 a5 21.Rad1 b4 22.Kh1 bxc3
23.bxc3 e4 24.g4 fxg4 25.Bxe4 Ne7 26.Nxe7 Qxe7 27.Qxd6 Qxd6 28.Rxd6 Bxa2 29.Nxg4
Bxc3 30.Rd7 Rf7 31.Rfd1 Re8 32.Bc2 Rxd7

[Event "2. Bundesliga West 2009/20010"]
[Site "Salzburg"]
[Date "2010.03.13"]
[Round "10"]
[Board "3"]
[White "Wegerle, Joerg"]
[Black "Poettinger, Harald"]
[Result "1-0"]
[WhiteElo "2430"]
[BlackElo "2196"]
[PlyCount "59"]
[EventDate "2009.10.23"]
[EventType "team"]
[EventRounds "11"]
[EventCountry "AUT"]
[WhiteTeam "SC Absam"]
[BlackTeam "Bregenz"]

1.c4 e5 2.g3 d6 3.Bg2 f5 4.Nc3 Nf6 5.d3 Be7 6.e4 c6 7.Nge2 O-O 8.O-O Qe8 9.b3
Na6 10.f3 Nc7 11.exf5 Bxf5 12.d4 Rd8 13.Be3 c5 14.d5 b5 15.g4 Bg6 16.Ng3 bxc4
17.bxc4 Na8 18.Qe2 Qd7 19.Bh3 Rb8 20.Kg2 Qb7 21.g5 Nh5 22.Be6+ Kh8 23.Rab1 Bxb1
24.Rxb1 Nxg3 25.hxg3 Qc7 26.Rh1 g6 27.Nb5 Qb6 28.Bf4 Rf5 29.Bxf5 gxf5 30.Bxe5+

[Event "2. Bundesliga West 2009/20010"]
[Site "Salzburg"]
[Date "2010.03.13"]
[Round "10"]
[Board "4"]
[White "Bezler, Rainer"]
[Black "Duer, Werner"]
[Result "0-1"]
[WhiteElo "2292"]
[BlackElo "2250"]
[PlyCount "46"]
[EventDate "2009.10.23"]
[EventType "team"]
[EventRounds "11"]
[EventCountry "AUT"]
[WhiteTeam "Bregenz"]
[BlackTeam "SC Absam"]

1.d4 Nf6 2.c4 c6 3.Nc3 d5 4.Nf3 a6 5.e3 e6 6.Bd3 dxc4 7.Bxc4 c5 8.a4 Nc6 9.O-O
cxd4 10.exd4 Be7 11.Re1 O-O 12.Be3 Nb4 13.Ne5 Bd7 14.Rc1 Rc8 15.Qf3 Bc6 16.Nxc6
Rxc6 17.b3 Qd7 18.Red1 Rd8 19.h3 Rdc8 20.Bg5 Nfd5 21.Bxd5 Nxd5 22.Bd2 Ba3 23.Ra1
Nxc3

[Event "2. Bundesliga West 2009/20010"]
[Site "Salzburg"]
[Date "2010.03.13"]
[Round "10"]
[Board "5"]
[White "Embacher, Gregor"]
[Black "Mira, Helene"]
[Result "1/2-1/2"]
[WhiteElo "2149"]
[BlackElo "2108"]
[PlyCount "55"]
[EventDate "2009.10.23"]
[EventType "team"]
[EventRounds "11"]
[EventCountry "AUT"]
[WhiteTeam "SC Absam"]
[BlackTeam "Bregenz"]

1.Nf3 Nf6 2.g3 d5 3.c4 c6 4.cxd5 cxd5 5.Bg2 g6 6.O-O Bg7 7.d4 O-O 8.Qb3 Nc6
9.Nc3 Na5 10.Qd1 Ne4 11.Nxe4 dxe4 12.Ng5 Qxd4 13.Qxd4 Bxd4 14.Rd1 Bg7 15.Bxe4 h6
16.Nf3 Be6 17.Nd4 Rfd8 18.Be3 Bd5 19.Bxd5 Rxd5 20.Nf3 Rb5 21.Rab1 Nc4 22.Bd4
Bxd4 23.Nxd4 Rd5 24.Nf3 Rad8 25.Rxd5 Rxd5 26.Kf1 Nd2+ 27.Nxd2 Rxd2 28.Ke1

[Event "2. Bundesliga West 2009/20010"]
[Site "Salzburg"]
[Date "2010.03.13"]
[Round "10"]
[Board "6"]
[White "Froewis, Annika"]
[Black "Natter, Siegfried"]
[Result "0-1"]
[WhiteElo "1933"]
[BlackElo "2262"]
[PlyCount "92"]
[EventDate "2009.10.23"]
[EventType "team"]
[EventRounds "11"]
[EventCountry "AUT"]
[WhiteTeam "Bregenz"]
[BlackTeam "SC Absam"]

1.e4 c5 2.Nf3 Nc6 3.d4 cxd4 4.Nxd4 Qb6 5.Nb3 Nf6 6.Nc3 e6 7.Be3 Qc7 8.Bd3 Bb4
9.O-O Bxc3 10.bxc3 O-O 11.f4 d6 12.Rf3 Ng4 13.Rb1 Ne7 14.Bd2 e5 15.h3 Nf6
16.fxe5 dxe5 17.Rg3 Ng6 18.c4 Be6 19.Bb4 Rfd8 20.Qf1 b6 21.Nd2 Nh5 22.Re3 Nhf4
23.Qf2 Rd7 24.Bf1 Rad8 25.h4 Bg4 26.Nf3 Rd1 27.Rxd1 Rxd1 28.Kh2 Ne6 29.g3 Nc5
30.Ne1 Rd4 31.Bd3 Nf8 32.Bc3 Rd8 33.Bf1 f6 34.Nd3 Na4 35.Nb4 Nxc3 36.Rxc3 Rd4
37.Nd5 Qc5 38.Qe3 Nd7 39.Be2 Bxe2 40.Qxe2 Nf8 41.g4 Qa5 42.Rd3 Rxc4 43.Ne7+ Kf7
44.Nf5 Rc7 45.a3 Qc5 46.Ne3 Ne6

[Event "2. Bundesliga West 2009/20010"]
[Site "Salzburg"]
[Date "2010.03.13"]
[Round "10"]
[Board "1"]
[White "Bertagnolli, Alexander"]
[Black "Schmidlechner, Alexander"]
[Result "1-0"]
[WhiteElo "2332"]
[BlackElo "2190"]
[PlyCount "53"]
[EventDate "2009.10.23"]
[EventType "team"]
[EventRounds "11"]
[EventCountry "AUT"]
[WhiteTeam "Rochade Rum"]
[BlackTeam "Goetzis"]

1.e4 g6 2.d4 Bg7 3.Nf3 c6 4.c4 d5 5.e5 e6 6.Nc3 Ne7 7.h4 h6 8.Bf4 b6 9.Rc1 Ba6
10.b3 Bb7 11.Qd2 Nd7 12.Bd3 a6 13.cxd5 cxd5 14.O-O Rc8 15.b4 Nf5 16.b5 a5
17.Bxf5 exf5 18.e6 fxe6 19.Rfe1 Kf7 20.Na4 Rc4 21.Nb2 Qc8 22.Qe2 Re8 23.Nxc4
dxc4 24.Rxc4 Qd8 25.Rc7 Bd5 26.Rec1 Kg8 27.Ne5

[Event "2. Bundesliga West 2009/20010"]
[Site "Salzburg"]
[Date "2010.03.13"]
[Round "10"]
[Board "2"]
[White "Scheffknecht, Philipp"]
[Black "Gatterer, Florian"]
[Result "0-1"]
[WhiteElo "2163"]
[BlackElo "2323"]
[PlyCount "108"]
[EventDate "2009.10.23"]
[EventType "team"]
[EventRounds "11"]
[EventCountry "AUT"]
[WhiteTeam "Goetzis"]
[BlackTeam "Rochade Rum"]

1.d4 d5 2.c4 c6 3.Nc3 Nf6 4.Nf3 a6 5.c5 Bf5 6.Bf4 Nbd7 7.h3 e6 8.e3 Be7 9.Be2
O-O 10.O-O Ne4 11.Nxe4 Bxe4 12.Ne5 Bf6 13.Nxd7 Qxd7 14.Bd3 Bxd3 15.Qxd3 Rfe8
16.Qc3 Bd8 17.b4 Bc7 18.Rab1 f6 19.Bxc7 Qxc7 20.f4 e5 21.fxe5 fxe5 22.Rb2 Rf8
23.Rbf2 Rxf2 24.Rxf2 Re8 25.Rf5 exd4 26.exd4 Re4 27.Qf3 Qe7 28.Qg3 h6 29.Qb8+
Kh7 30.Rf4 Re1+ 31.Kh2 Qe3 32.Qf8 Qg1+ 33.Kg3 Re3+ 34.Rf3 Re6 35.Rf4 Rg6+ 36.Rg4
Qxd4 37.Rxg6 Qe5+ 38.Kf3 Kxg6 39.Qa8 d4 40.g4 Qe3+ 41.Kg2 d3 42.Qc8 Qe4+ 43.Kf2
Qd4+ 44.Kg3 Qd5 45.Qe8+ Kh7 46.Qe1 d2 47.Qd1 Qd3+ 48.Kh2 Kg6 49.h4 Kf6 50.Qa1+
Kf7 51.Qd1 Ke6 52.a3 Ke5 53.Qa1+ Kf4 54.Qxg7 Qg3+

[Event "2. Bundesliga West 2009/20010"]
[Site "Salzburg"]
[Date "2010.03.13"]
[Round "10"]
[Board "3"]
[White "Hengl, Christian"]
[Black "Engelhart, Achim"]
[Result "1/2-1/2"]
[WhiteElo "2225"]
[BlackElo "2181"]
[PlyCount "127"]
[EventDate "2009.10.23"]
[EventType "team"]
[EventRounds "11"]
[EventCountry "AUT"]
[WhiteTeam "Rochade Rum"]
[BlackTeam "Goetzis"]

1.e4 e6 2.d4 d5 3.e5 c5 4.c3 Nc6 5.Nf3 Nge7 6.a3 Nf5 7.b4 cxd4 8.cxd4 Bd7 9.Bb2
b5 10.Bxb5 Nxe5 11.Nxe5 Bxb5 12.Nc3 Qb6 13.Nxb5 Qxb5 14.Qd3 Qxd3 15.Nxd3 Nd6
16.O-O Nc4 17.Bc3 Be7 18.a4 O-O 19.Nc5 Rfc8 20.Nd3 Rc7 21.Rfc1 Rac8 22.b5 Nb6
23.Bb2 Rxc1+ 24.Bxc1 f6 25.Be3 Rc3 26.Nc5 Kf7 27.a5 Nc8 28.Kf1 Bd8 29.Ke2 Rc2+
30.Kd3 Rb2 31.Nb7 Be7 32.Rc1 Rb3+ 33.Rc3 Rxb5 34.Rc7 a6 35.Bf4 Kg6 36.Nc5 e5
37.Be3 Bxc5 38.dxc5 Rb8 39.f4 Rb3+ 40.Kd2 Rb8 41.g4 h6 42.fxe5 fxe5 43.Rc6+ Kf7
44.Rxa6 d4 45.Bxd4 exd4 46.Kd3 Rb4 47.Rc6 Ne7 48.Rd6 Rb5 49.a6 Rxc5 50.Kxd4 Ra5
51.Kc4 Ke8 52.Kb4 Ra1 53.Kb5 Rb1+ 54.Ka5 Rb2 55.h3 Rb1 56.Ka4 Ra1+ 57.Kb5 Rb1+
58.Ka4 Nc8 59.Rg6 Kf7 60.Rc6 Ne7 61.Rd6 Ra1+ 62.Kb5 Rb1+ 63.Ka4 Ra1+ 64.Kb5

[Event "2. Bundesliga West 2009/20010"]
[Site "Salzburg"]
[Date "2010.03.13"]
[Round "10"]
[Board "4"]
[White "Laske, Erich"]
[Black "Jedinger, Andreas"]
[Result "1-0"]
[WhiteElo "2076"]
[BlackElo "2170"]
[PlyCount "93"]
[EventDate "2009.10.23"]
[EventType "team"]
[EventRounds "11"]
[EventCountry "AUT"]
[WhiteTeam "Goetzis"]
[BlackTeam "Rochade Rum"]

1.c4 g6 2.d4 Bg7 3.e4 d6 4.Nc3 Nf6 5.Nge2 O-O 6.Bg5 c5 7.Qd2 cxd4 8.Nxd4 Nc6
9.Nb3 Be6 10.f3 Na5 11.Nd5 Nxb3 12.axb3 Bxd5 13.exd5 e6 14.dxe6 Re8 15.Be2 Rxe6
16.O-O Qb6+ 17.Kh1 Qxb3 18.Ra3 Qb6 19.Be3 Qc6 20.Rfa1 Rae8 21.Bd1 R8e7 22.Ba4
Qc7 23.Qf2 a6 24.Bb6 Qc8 25.c5 dxc5 26.Bxc5 Re2 27.Qg1 R7e6 28.Rd3 Bf8 29.Bb6
Kg7 30.Rc3 Qb8 31.Bc7 Qa8 32.Rd3 b5 33.Bb3 Re8 34.Bg3 Rxb2 35.Qd4 Ree2 36.Be5
Be7 37.Qf4 Rxb3 38.Rxb3 Qd5 39.Re3 Ra2 40.Rg1 Qd8 41.g4 Kg8 42.Bc7 Qd7 43.Be5
Nd5 44.Qd4 Qc6 45.Rd3 Nb4 46.Qd8+ Bf8 47.Bd6

[Event "2. Bundesliga West 2009/20010"]
[Site "Salzburg"]
[Date "2010.03.13"]
[Round "10"]
[Board "5"]
[White "Muehlbacher, Bernhard"]
[Black "Huber, Silvan"]
[Result "1/2-1/2"]
[WhiteElo "2156"]
[BlackElo "2120"]
[PlyCount "83"]
[EventDate "2009.10.23"]
[EventType "team"]
[EventRounds "11"]
[EventCountry "AUT"]
[WhiteTeam "Rochade Rum"]
[BlackTeam "Goetzis"]

1.c4 Nf6 2.g3 g6 3.Bg2 Bg7 4.Nc3 O-O 5.d3 d6 6.e3 c5 7.Nge2 Nc6 8.O-O a6 9.a3
Bd7 10.h3 Rb8 11.Rb1 b5 12.cxb5 axb5 13.b4 cxb4 14.axb4 Ne8 15.d4 Nc7 16.Bd2 e6
17.Nc1 Ne7 18.Nb3 Ncd5 19.Nxd5 Nxd5 20.Na5 Nb6 21.Qe2 d5 22.Rfc1 Nc4 23.Bc3 f5
24.Ra1 Ra8 25.Nb7 Qc7 26.Nc5 Rfd8 27.Ra2 Kf7 28.Rca1 Nb6 29.Bf1 Bc6 30.h4 Nc4
31.Ra6 Rxa6 32.Rxa6 Ra8 33.Qa2 Rxa6 34.Qxa6 Bf8 35.Be2 Be7 36.Bf1 Bd8 37.Be2 Be7
38.Bf3 Bd8 39.Bg2 Be7 40.Kf1 Bd8 41.Kg1 Be7 42.Kh1

[Event "2. Bundesliga West 2009/20010"]
[Site "Salzburg"]
[Date "2010.03.13"]
[Round "10"]
[Board "6"]
[White "Kranz, Armin"]
[Black "BABINETZ, RAINER"]
[Result "1-0"]
[WhiteElo "2111"]
[BlackElo "2087"]
[PlyCount "81"]
[EventDate "2009.10.23"]
[EventType "team"]
[EventRounds "11"]
[EventCountry "AUT"]
[WhiteTeam "Goetzis"]
[BlackTeam "Rochade Rum"]

1.d4 d6 2.Nf3 g6 3.g3 Bg7 4.c4 Nf6 5.Nc3 O-O 6.Bg2 Nbd7 7.O-O c6 8.h3 a6 9.Be3
b5 10.cxb5 axb5 11.d5 cxd5 12.Nxd5 Bb7 13.Nxf6+ Nxf6 14.Ne1 Bxg2 15.Nxg2 Qd7
16.Qb3 Qxh3 17.Nf4 Qf5 18.f3 h5 19.Kg2 Rfc8 20.Rac1 g5 21.Nh3 Bh6 22.Rfd1 Rxc1
23.Bxc1 Rc8 24.e4 Qe5 25.Be3 h4 26.gxh4 gxh4 27.Bf2 Bg5 28.Kh1 Nh5 29.Rg1 Ng3+
30.Kg2 Kg7 31.Rd1 Rc4 32.Qxc4 bxc4 33.Bd4 Be3 34.Bxe5+ dxe5 35.Rd7 Bd4 36.Rc7
Kf6 37.Rxc4 Bxb2 38.a4 Ke6 39.a5 Kd6 40.a6 Bd4 41.Rxd4+

[Event "2. Bundesliga West 2009/20010"]
[Site "Salzburg"]
[Date "2010.03.13"]
[Round "10"]
[Board "1"]
[White "Sergeev, Vladimir"]
[Black "Bromberger, Stefan"]
[Result "0-1"]
[WhiteElo "2447"]
[BlackElo "2510"]
[PlyCount "164"]
[EventDate "2009.10.23"]
[EventType "team"]
[EventRounds "11"]
[EventCountry "AUT"]
[WhiteTeam "Dornbirn"]
[BlackTeam "Wuestenrot Sbg SIR"]

1.d4 d5 2.Bf4 Nf6 3.e3 g6 4.Nf3 Bg7 5.Nbd2 O-O 6.c3 Nbd7 7.h3 c5 8.Be2 b6 9.O-O
Bb7 10.a4 a6 11.b4 Ne4 12.Rc1 Nxd2 13.Qxd2 c4 14.Rfd1 Nf6 15.Qa2 Ne4 16.Nd2 Nxd2
17.Rxd2 Qe8 18.Re1 e5 19.Bxe5 Bxe5 20.dxe5 Qxe5 21.Rd4 a5 22.b5 Rac8 23.Red1 Rc5
24.Qd2 Re8 25.Bf3 Qf6 26.Rf4 Qe5 27.g4 Re6 28.Bg2 h5 29.Rd4 hxg4 30.hxg4 Qf6
31.Kf1 Qh4 32.Rf4 g5 33.Rd4 Rf6 34.Kg1 Kg7 35.Qe2 Rc8 36.R1d2 Rh8 37.Qd1 Qh2+
38.Kf1 Qg3 39.Kg1 Qh2+ 40.Kf1 Qg3 41.Kg1 Qe5 42.Qe1 Qh2+ 43.Kf1 Rh3 44.f4 gxf4
45.Rxf4 Rxe3 46.Qxe3 Rxf4+ 47.Rf2 Rxf2+ 48.Qxf2 Qh6 49.g5 Qxg5 50.Qxb6 Qf6+
51.Qxf6+ Kxf6 52.Ke2 Ke5 53.Ke3 f5 54.Bf3 f4+ 55.Kd2 Kd6 56.Kc2 Kc5 57.Kd2 Bc8
58.Kc2 Bf5+ 59.Kc1 Be4 60.Bxe4 dxe4 61.Kd2 Kd5 62.Ke2 e3 63.Kf3 Ke5 64.Kg2 Ke4
65.b6 f3+ 66.Kg3 e2 67.Kf2 Kd3 68.b7 Kd2 69.b8=Q e1=Q+ 70.Kxf3 Qe3+ 71.Kg4 Qxc3
72.Qh2+ Kc1 73.Qh1+ Kb2 74.Qc6 Qd4+ 75.Kh5 c3 76.Kg6 c2 77.Qb5+ Ka3 78.Qf1 Qd6+
79.Kh7 Qc7+ 80.Kg8 c1=Q 81.Qf8+ Q7c5 82.Qf7 Q5g5+

[Event "2. Bundesliga West 2009/20010"]
[Site "Salzburg"]
[Date "2010.03.13"]
[Round "10"]
[Board "2"]
[White "Pitl, Gregory"]
[Black "Klocker, Benedikt"]
[Result "0-1"]
[WhiteElo "2405"]
[BlackElo "2143"]
[PlyCount "144"]
[EventDate "2009.10.23"]
[EventType "team"]
[EventRounds "11"]
[EventCountry "AUT"]
[WhiteTeam "Wuestenrot Sbg SIR"]
[BlackTeam "Dornbirn"]

1.e4 c5 2.Nc3 Nc6 3.Bb5 d6 4.Bxc6+ bxc6 5.d3 g6 6.f4 Bg7 7.Nf3 Rb8 8.O-O Nf6
9.Qe1 O-O 10.b3 Ba6 11.Kh1 Nxe4 12.Bb2 Nf6 13.Na4 Bb5 14.Nc3 Nd5 15.Ng5 e6
16.Nge4 Bd4 17.Nd1 Nc7 18.c3 Bg7 19.c4 Bxb2 20.Nxb2 Ba6 21.Qa5 Bc8 22.Na4 Na6
23.Qd2 Qe7 24.Rae1 d5 25.Ng5 Qf6 26.Nf3 Bb7 27.Ne5 Qe7 28.Qe3 Rbe8 29.g4 Qd6
30.g5 f6 31.Ng4 f5 32.Nf6+ Rxf6 33.gxf6 Kf7 34.Qh3 Rh8 35.Qh4 Qd8 36.Re5 Qxf6
37.Qf2 Qe7 38.b4 cxb4 39.Qxa7 c5 40.Rfe1 dxc4+ 41.Kg1 Qd7 42.Rxe6 Qd4+ 43.R1e3
Rb8 44.Re7+ Kf8 45.Nb6 Qa1+ 46.Re1 Qd4+ 47.R1e3 Qa1+ 48.Kf2 Qb2+ 49.Re2 Qd4+
50.Ke1 Qa1+ 51.Kf2 Qd4+ 52.Ke1 Qg1+ 53.Kd2 c3+ 54.Kc2 b3+ 55.Kxb3 Bd5+ 56.Kxc3
Qc1+ 57.Rc2 Qa3+ 58.Kd2 Qb4+ 59.Rc3 Rxb6 60.Re3 Qb2+ 61.Rc2 Qb4+ 62.Ke2 Bb7
63.h4 Qb1 64.Rd2 Kg7 65.h5 Kh6 66.Kf2 gxh5 67.Rg3 Qb4 68.Kg1 Re6 69.Rdg2 Qd4+
70.Kh2 Bxg2 71.Qf7 Qf6 72.Qg8 Bd5

[Event "2. Bundesliga West 2009/20010"]
[Site "Salzburg"]
[Date "2010.03.13"]
[Round "10"]
[Board "3"]
[White "Novkovic, Julia"]
[Black "Pitschka, Klaus"]
[Result "1/2-1/2"]
[WhiteElo "2116"]
[BlackElo "2235"]
[PlyCount "114"]
[EventDate "2009.10.23"]
[EventType "team"]
[EventRounds "11"]
[EventCountry "AUT"]
[WhiteTeam "Dornbirn"]
[BlackTeam "Wuestenrot Sbg SIR"]

1.e4 e5 2.Nf3 d6 3.d4 exd4 4.Qxd4 Nf6 5.Bg5 Be7 6.Nc3 O-O 7.O-O-O Nc6 8.Qd2 a6
9.Bd3 Ne5 10.Nxe5 dxe5 11.f3 c6 12.h4 b5 13.Kb1 Be6 14.g4 Nd7 15.f4 exf4 16.Bxe7
Qxe7 17.Qxf4 Qf6 18.Qg3 Qe5 19.Qg2 Nc5 20.Rhf1 b4 21.Nd5 cxd5 22.exd5 Nxd3
23.Rxd3 Bd7 24.Rfd1 Rfe8 25.Qg1 a5 26.Rd4 Rac8 27.b3 Qe2 28.R1d2 Qe1+ 29.Qxe1
Rxe1+ 30.Kb2 f6 31.a3 bxa3+ 32.Kxa3 Ra1+ 33.Kb2 Rg1 34.b4 axb4 35.Rxb4 Rxg4
36.Rb7 Bf5 37.d6 Be4 38.d7 Rd8 39.Rc7 Kf7 40.c4 Rg2 41.Rxg2 Bxg2 42.c5 Ke7 43.c6
g5 44.hxg5 fxg5 45.Kc3 Bxc6 46.Rxc6 Rxd7 47.Rh6 Kf8 48.Rh5 Rg7 49.Kd4 Kf7 50.Rh6
Kg8 51.Ke4 Rg6 52.Rxg6+ hxg6 53.Kf3 Kf7 54.Kg3 Ke6 55.Kg4 Kf6 56.Kh3 Kf5 57.Kg3
g4

[Event "2. Bundesliga West 2009/20010"]
[Site "Salzburg"]
[Date "2010.03.13"]
[Round "10"]
[Board "4"]
[White "Pflug, Mathias"]
[Black "Karrer, Damian"]
[Result "1/2-1/2"]
[WhiteElo "2270"]
[BlackElo "2159"]
[PlyCount "65"]
[EventDate "2009.10.23"]
[EventType "team"]
[EventRounds "11"]
[EventCountry "AUT"]
[WhiteTeam "Wuestenrot Sbg SIR"]
[BlackTeam "Dornbirn"]

1.e4 c5 2.Nf3 Nc6 3.d4 cxd4 4.Nxd4 Nf6 5.Nc3 e5 6.Ndb5 d6 7.Bg5 a6 8.Na3 b5
9.Bxf6 gxf6 10.Nd5 f5 11.Bd3 Be6 12.O-O Bxd5 13.exd5 Ne7 14.c3 Bg7 15.Qh5 e4
16.Bc2 O-O 17.Rae1 Qc8 18.f3 b4 19.cxb4 Bxb2 20.fxe4 Bxa3 21.Re3 Qxc2 22.Rg3+
Ng6 23.Rh3 Rfd8 24.Qxh7+ Kf8 25.Rh5 Ne5 26.Rhxf5 Ra7 27.Rxe5 dxe5 28.Qh8+ Ke7
29.Qxe5+ Kf8 30.Qh8+ Ke7 31.Qe5+ Kf8 32.Qh8+ Ke7 33.Qe5+

[Event "2. Bundesliga West 2009/20010"]
[Site "Salzburg"]
[Date "2010.03.13"]
[Round "10"]
[Board "5"]
[White "Kanonier, Clemens"]
[Black "Azad, Razik"]
[Result "0-1"]
[WhiteElo "2100"]
[BlackElo "2091"]
[PlyCount "42"]
[EventDate "2009.10.23"]
[EventType "team"]
[EventRounds "11"]
[EventCountry "AUT"]
[WhiteTeam "Dornbirn"]
[BlackTeam "Wuestenrot Sbg SIR"]

1.e4 e5 2.d4 exd4 3.Qxd4 Nc6 4.Qe3 d6 5.Nc3 g6 6.Bd2 Bg7 7.O-O-O Be6 8.Nd5 Nf6
9.Bc4 Ne5 10.Bb3 Bxd5 11.exd5 O-O 12.f4 Ned7 13.Ne2 Re8 14.Qf3 Ne4 15.Be1 Ndc5
16.Nd4 Qd7 17.g4 a5 18.Bc4 Qa4 19.Qf1 Bxd4 20.Rxd4 b5 21.b3 Qxa2

[Event "2. Bundesliga West 2009/20010"]
[Site "Salzburg"]
[Date "2010.03.13"]
[Round "10"]
[Board "6"]
[White "Durakovic, Alman"]
[Black "Kessler, Michaela"]
[Result "0-1"]
[WhiteElo "2176"]
[BlackElo "1913"]
[PlyCount "106"]
[EventDate "2009.10.23"]
[EventType "team"]
[EventRounds "11"]
[EventCountry "AUT"]
[WhiteTeam "Wuestenrot Sbg SIR"]
[BlackTeam "Dornbirn"]

1.d4 d5 2.c4 c6 3.Nf3 Nf6 4.Nc3 e6 5.cxd5 exd5 6.Bg5 Bf5 7.Qb3 b6 8.e3 Be7 9.Ne5
O-O 10.Be2 Ne4 11.Bf4 f6 12.Nd3 Kh8 13.f3 Nxc3 14.Qxc3 Bd6 15.Rc1 Bxd3 16.Bxd6
Qxd6 17.Bxd3 f5 18.O-O a5 19.e4 f4 20.Rfd1 Ra7 21.Qb3 Rb7 22.exd5 cxd5 23.Bb5
Re7 24.Re1 Rxe1+ 25.Rxe1 Nc6 26.Qc3 Ne7 27.Re5 h6 28.Qa3 Qxa3 29.bxa3 Nf5
30.Rxd5 Ne3 31.Rd6 Rc8 32.Bc6 Nf5 33.Re6 Nxd4 34.Re8+ Rxe8 35.Bxe8 Kg8 36.Bg6
Kf8 37.Kf2 Nb5 38.Ke2 Nxa3 39.Bd3 Ke7 40.Kd2 Kd6 41.g3 fxg3 42.hxg3 Kc5 43.Ke3
Nb5 44.Bh7 Nc3 45.Bg8 Nd5+ 46.Kd3 b5 47.Bf7 b4 48.Be8 Nb6 49.f4 a4 50.g4 a3
51.Bf7 Nd5 52.Ke4 b3 53.axb3 Nb4

[Event "2. Bundesliga West 2009/20010"]
[Site "Salzburg"]
[Date "2010.03.13"]
[Round "10"]
[Board "1"]
[White "Gaertner, Guntram"]
[Black "Westermeier, Arnulf"]
[Result "1/2-1/2"]
[WhiteElo "2325"]
[BlackElo "2277"]
[PlyCount "115"]
[EventDate "2009.10.23"]
[EventType "team"]
[EventRounds "11"]
[EventCountry "AUT"]
[WhiteTeam "Hohenems II"]
[BlackTeam "ASK Salzburg"]

1.d4 d5 2.c4 e6 3.Nc3 Nf6 4.cxd5 exd5 5.Bg5 Be7 6.e3 Nbd7 7.Nf3 O-O 8.Qc2 Re8
9.Bd3 Nf8 10.O-O c6 11.Rab1 a5 12.a3 Ng6 13.Ne5 Ng4 14.Bxe7 Qxe7 15.Nxg4 Bxg4
16.Rbe1 Qf6 17.f3 Bd7 18.Bxg6 hxg6 19.Qd2 b6 20.e4 Qd6 21.exd5 cxd5 22.Qg5 Bf5
23.Re3 f6 24.Rxe8+ Rxe8 25.Qd2 g5 26.g3 Qc6 27.Re1 Rxe1+ 28.Qxe1 Qc4 29.Qe3 Kf7
30.g4 Bd7 31.Kf2 b5 32.Ne2 b4 33.axb4 axb4 34.Qc1 Ke6 35.f4 Bb5 36.Qe3+ Kf7
37.fxg5 fxg5 38.Qe5 Qxe2+ 39.Qxe2 Bxe2 40.Kxe2 Ke6 41.Ke3 Kd6 42.Kd2 Kc6 43.h3
Kd6 44.Kd3 Kd7 45.Ke3 Ke6 46.Kf3 Kf6 47.Kg3 Kg6 48.Kg2 Kf6 49.Kf2 Kf7 50.Kf3 Kf6
51.Kg2 Kf7 52.Kg3 Kg6 53.b3 Kh6 54.Kg2 Kg6 55.Kf2 Kf6 56.Kg3 Kg6 57.h4 Kh6 58.h5

[Event "2. Bundesliga West 2009/20010"]
[Site "Salzburg"]
[Date "2010.03.13"]
[Round "10"]
[Board "2"]
[White "Juergens, Klaus"]
[Black "Amann, Guenter"]
[Result "0-1"]
[WhiteElo "2162"]
[BlackElo "2293"]
[PlyCount "54"]
[EventDate "2009.10.23"]
[EventType "team"]
[EventRounds "11"]
[EventCountry "AUT"]
[WhiteTeam "ASK Salzburg"]
[BlackTeam "Hohenems II"]

1.e4 e6 2.d3 c5 3.Nd2 Nc6 4.g3 g6 5.Bg2 Bg7 6.Nh3 Nge7 7.O-O O-O 8.f4 d6 9.Nf3
Rb8 10.Rb1 b5 11.Be3 Nd4 12.Nh4 b4 13.Qd2 Bd7 14.c3 bxc3 15.bxc3 Rxb1 16.Rxb1
Nb5 17.d4 Na3 18.Rb7 Bc6 19.Rxa7 Nc4 20.Qe2 Nxe3 21.Qxe3 cxd4 22.Qd3 dxc3 23.Nf2
Re8 24.Nf3 Qb6 25.Ra6 Qc5 26.Ne1 Rb8 27.a4 Bd4

[Event "2. Bundesliga West 2009/20010"]
[Site "Salzburg"]
[Date "2010.03.13"]
[Round "10"]
[Board "3"]
[White "Burschowsky, Matthias"]
[Black "Loeffler, Christoph"]
[Result "0-1"]
[WhiteElo "2214"]
[BlackElo "2163"]
[PlyCount "122"]
[EventDate "2009.10.23"]
[EventType "team"]
[EventRounds "11"]
[EventCountry "AUT"]
[WhiteTeam "Hohenems II"]
[BlackTeam "ASK Salzburg"]

1.Nf3 d5 2.c4 e6 3.g3 Nf6 4.Bg2 Be7 5.O-O dxc4 6.Qa4+ Nbd7 7.Qxc4 a6 8.d4 b5
9.Qc2 Bb7 10.Ne5 Bxg2 11.Kxg2 c5 12.Nc6 Qb6 13.Nxe7 Kxe7 14.dxc5 Qxc5 15.Qxc5+
Nxc5 16.Be3 Rac8 17.Rc1 Na4 18.b3 Rxc1 19.Bxc1 Nb6 20.Ba3+ Kd7 21.Nd2 Rc8 22.Rd1
Nbd5 23.Nf3 Rc2 24.Kf1 Rxa2 25.Bf8 g6 26.Rc1 Ne4 27.Ne5+ Kd8 28.Bh6 f6 29.Nc6+
Ke8 30.Nb8 Nec3 31.e4 Nxe4 32.Rc8+ Ke7 33.Rh8 Rxf2+ 34.Ke1 Kd6 35.Rxh7 e5
36.Bf8+ Ke6 37.Nxa6 Ra2 38.Nc5+ Nxc5 39.Bxc5 Rb2 40.g4 Rxb3 41.h4 Rc3 42.Bf2 e4
43.h5 gxh5 44.gxh5 e3 45.Bg3 Kf5 46.Rd7 Ke4 47.Kd1 e2+ 48.Kxe2 Rxg3 49.h6 Rh3
50.h7 f5 51.Rb7 b4 52.Kf2 f4 53.Kg2 Rh6 54.Kf2 b3 55.Rxb3 Rh2+ 56.Ke1 Rxh7
57.Ra3 Ne3 58.Kf2 Rh2+ 59.Kg1 Rd2 60.Ra8 Kf3 61.Ra3 Kg3